000 00566nam a22002177a 4500
003 OSt
005 20140310182937.0
008 130201t xxu||||| |||| 00| 0 eng d
020 _a9710412228
050 _aQH308.5
_b.B928 2011
082 _aFIL 574
_bB928 2011
245 _aBiological science for college students
_cBueno, David C.
260 _aMandaluyong
_b Books Atbp.
_cc2011
300 _a256 p.
_c25 cm.
521 _acollege students
526 _c1210L-1700L
541 _j1
541 _j2
562 _e2
942 _2lcc
_cBK
_kFIL
999 _c17645
_d17645